| 000 | 00524nam a22001577a 4500 | ||
|---|---|---|---|
| 003 | NUST | ||
| 082 | _a200 | ||
| 100 |
_aYounis, Muhammad Hamza _997748 |
||
| 245 |
_aCovid-19 Detection Using Combined Imagery Datasets With Deep CNN’s / _cMuhammad Hamza Younis |
||
| 264 |
_aIslamabad : _bSEECS, NUST, _c2022. |
||
| 300 | _a57 p. ; | ||
| 650 |
_aMS- Information Technology _926924 |
||
| 700 |
_aSupervisor: Dr. Safdar Abbas Khan _997418 |
||
| 856 | _uhttp://10.250.8.41:8080/xmlui/handle/123456789/30054 | ||
| 942 |
_2ddc _cSC |
||
| 999 |
_c591152 _d591152 |
||